Quaresma (Record no. 8419)
[ view plain ]
| 000 -CABECERA | |
|---|---|
| campo de control de longitud fija | 02039nam a2200277 a 4500 |
| 001 - NÚMERO DE CONTROL | |
| campo de control | BRCA_8768 |
| 005 - FECHA Y HORA DE LA ÚLTIMA TRANSACCIÓN | |
| campo de control | 20190320210412.0 |
| 008 - DATOS DE LONGITUD FIJA--INFORMACIÓN GENERAL | |
| campo de control de longitud fija | 290317c--------sp-#######---#000-0#spa-# |
| 041 ## - CÓDIGO DE LENGUA | |
| Código de lengua del texto/banda sonora o título independiente | spa |
| 044 ## - CÓDIGO DEL PAÍS DE LA ENTIDAD EDITORA/PRODUCTORA | |
| Código MARC del país | sp |
| 084 ## - OTRO NÚMERO DE CLASIFICACIÓN | |
| Número de clasificación | BE132 |
| Número de documento/Ítem | .S46 1755 |
| 100 1# - ENTRADA PRINCIPAL--NOMBRE DE PERSONA | |
| Nombre de persona | Señeri, Pablo |
| Fechas asociadas al nombre | 1624-1694 |
| 9 (RLIN) | 21265 |
| 245 10 - MENCIÓN DE TÍTULO | |
| Título | Quaresma |
| Mención de responsabilidad, etc. | del padre Pablo Señeri, de la compañía de Jesús, predicador de N. Santísima P. Inocencio XII. y su theologo ; traducida de la lengua toscana a la castellana por el Doctor Antonio de las Casas. |
| 260 ## - PUBLICACIÓN, DISTRIBUCIÓN, ETC. | |
| Lugar de publicación, distribución, etc. | Barcelona |
| Nombre del editor, distribuidor, etc. | En la Imprenta de Pedro Escudér, en la calle condal |
| Fecha de publicación, distribución, etc. | 1755 |
| 300 ## - DESCRIPCIÓN FÍSICA | |
| Extensión | [14]. 452 p. (t.1) |
| Dimensiones | 20.3 x 16 cm. |
| 500 ## - NOTA GENERAL | |
| Nota general | Con licencia |
| 500 ## - NOTA GENERAL | |
| Nota general | Con marca de fuego: “Procedencia de la marca: Convento de San Francisco Santa María del Pueblito de Querétaro(1). Institución: Orden de Frailes Menores. Provincia de San Pedro y San Pablo de Michoacán. Descripción: Monograma conformado por las iniciales “P”, “u”, “E” seguidas de “b”, “I”, “T” y “o” que se desata como Pueblito(2) dentro de un filete en forma de rombo. Observaciones: Krausse la incluye entre las marcas no identificadas. David Saavedra la identifica como del Convento Franciscano de Santa María del Pueblito, Villa Corregidora de Querétaro. Con el testimonio de pertenencia ubicado en este ejemplar se corrobora la atribución realizada por David Saavedra. Ubicación de la marca en el libro: Canto superior, inferior y lateral” |
| 500 ## - NOTA GENERAL | |
| Nota general | Estado físico: presenta encuadernación en pergamino, con lomo desprendidos, cintas rotas y canto frontal manchado |
| 650 14 - PUNTO DE ACCESO ADICIONAL DE MATERIA--TÉRMINO DE MATERIA | |
| Término de materia o nombre geográfico como elemento de entrada | Sermones de cuaresma |
| Subdivisión cronológica | Obras anteriores a 1800 |
| 9 (RLIN) | 21718 |
| 700 1# - PUNTO DE ACCESO ADICIONAL--NOMBRE DE PERSONA | |
| Nombre de persona | Inocencio XII |
| Fechas asociadas al nombre | Papa |
| 9 (RLIN) | 21719 |
| 700 1# - PUNTO DE ACCESO ADICIONAL--NOMBRE DE PERSONA | |
| Nombre de persona | Casas, Antonio de las |
| Término indicativo de función/relación | tr. |
| 9 (RLIN) | 21837 |
| 700 1# - PUNTO DE ACCESO ADICIONAL--NOMBRE DE PERSONA | |
| Nombre de persona | Escudér, Pedro |
| Término indicativo de función/relación | Impresor |
| 9 (RLIN) | 21838 |
| 856 ## - LOCALIZACIÓN Y ACCESO ELECTRÓNICOS | |
| Nombre del host | http://www.marcasdefuego.buap.mx:8180/xmLibris/projects/firebrand/item.jsp?repository=marcas_de_fuego&key=marcas_de_fuego_franciscanas_20150618135223_2ccc.xml&num=124 |
| 902 ## - CATALOGADOR | |
| Iniciales | CFM |
| 942 ## - ELEMENTOS DE PUNTO DE ACCESO ADICIONAL (KOHA) | |
| Fuente del sistema de clasificación o colocación | Library of Congress Classification |
| Tipo de ítem Koha | Libros |
| Estado de retiro | Estado de pérdida | Estado dañado | No para préstamo | Localización permanente | Ubicación/localización actual | Fecha de adquisición | Total de préstamos | Signatura topográfica completa | Código de barras | Fecha visto por última vez | Precio válido a partir de | Tipo de ítem Koha |
|---|---|---|---|---|---|---|---|---|---|---|---|---|
| El ejemplar forma parte de la colección y puede ser consultado según las políticas vigentes. | Biblioteca del Museo Franz Mayer (Rogerio Casas-Alatriste) | Biblioteca del Museo Franz Mayer (Rogerio Casas-Alatriste) | 29/03/2017 | BE132 .S46 1755 | CFM00094 | 22/03/2019 | 22/03/2019 | Libros |